000 00328nam a22001457a 4500
003 SGT
020 _a978-1-62623-975-3
082 _a617.51
_bO15M
100 _aMALEKZADEH, SONYA
245 _aOTOLARGNGOLOGY LIFELONG LEARNING MANUAL
250 _a3RD
260 _aNEW YORK
_bTHIEME
_c2015
300 _a767
942 _2ddc
_cBK
999 _c17320
_d17320